000 01227cam a2200337 i 4500
001 768714001
003 CO-MdFUSB
005 20220407083609.0
007 ta
008 780213t1977 enkabce b 001 0 eng
020 _a0281029512
040 _aDLC
_cCO-MdFUSB
_dDLC
_bspa
_erda
041 _aeng
082 0 0 _a222.1207
_223
_bD635
100 1 _aDobson, John H.
_eautor
245 1 2 _aA guide to Exodus /
_cJohn H. Dobson.
264 1 _aLondon :
_bSPCK,
_c[1977]
264 4 _c© 1977
300 _a201 páginas. :
_bilustraciones., mapas, planos, retratos ;
_c22 cm.
336 _2rdacontent
_atexto
_btxt
337 _2rdamedia
_asin mediación
_bn
338 _2rdacarrier
_avolumen
_bnc
490 1 _aSPCK International Study Guide
505 _aIntroducción: Éxodo y nosotros. -- Estudio guía y comentario. -- Dios sacó a los israelitas de Egipto. -- Dios llevó a los israelitas al monte Sinaí. -- Dios hizo este pacto con los israelitas. -- Posdata: mirando hacia atrás en el libro del éxodo
563 _aRústico
630 7 _aBiblia.
_pÉxodo
_xCrítica, interpretación, etc.
830 1 _aSPCK International Study Guide
_vN°13
942 _cBK
945 _aJTF-925
999 _c67511
_d67511